Statistiche per Stati per Densità di popolazione - 2075

Clicka qui per fare il quiz!

Statistiche generali

  • Questo quiz è stato fatto 3 volte
  • Il punteggio medio è 7 su 10

Statistiche sulle risposte

Densità (popolazione per km²)ContinenteNazione% Corretto
35 428EuropaMonaco
100%
8 702AsiaSingapore
100%
1 508AsiaBangladesh
67%
1 578AfricaBurundi
67%
1 829EuropaCittà del Vaticano
67%
1 881AsiaMaldive
67%
1 204EuropaMalta
67%
1 087AfricaRuanda
67%
3 210AsiaBahrein
33%
2 162AsiaPalestina
33%

Distribuzione punteggi

Percentile per numero di risposta

Percentuale di utenti per punteggio

I tuoi punteggi nel tempo

Non hai fatto questo quiz